Os impactos da lei de introdução às normas do direito brasileiro nas ações de improbidade de administrativa / (Record no. 68)

MARC details
000 -LÍDER
Campo Fixo de Controle 00903cam a2200253 a 4500
001 - NÚMERO DE CONTROLE
Campo de Controle 68
003 - IDENTIFICAÇÃO DO NÚMERO DE CONTROLE
Campo de Controle BR-CuiBMT
005 - DATA E HORA DA ÚLTIMA ATUALIZAÇÃO
Campo de Controle 20231116233839.0
008 - DADOS FIXOS
Dados Fixos 230809b2022 mgb 000 0 por d
020 ## - INTERNATIONAL STANDARD BOOK NUMBER
Nº do ISBN 9786555182187
040 ## - AGÊNCIA CATALOGADORA
Código da Agência Catalogadora BR-CuiBMT
Agência que transcreveu o registro BR-CuiBMT
080 ## - Nº DA CLASSIFICAÇÃO DECIMAL UNIVERSAL
Nº edição CDU 2007
Nº Class. CDU 342.92:343.35
Subd. Auxiliar Comum (81)
090 ## - NÚMERO DE CHAMADA
Nº classificação 342.92:343.35(81)
Cutter L131i
100 1# - ENTRADA PRINCIPAL -- AUTOR PESSOAL
Nome pessoal Lacerda, Caroline Maria Vieira
245 13 - TÍTULO PRINCIPAL
Título principal Os impactos da lei de introdução às normas do direito brasileiro nas ações de improbidade de administrativa /
Indicação de responsabilidade Caroline Maria Vieira Lacerda ; prefácio Augusto Aras.
260 ## - PUBLICAÇÃO, DISTRIBUIÇÃO, ETC.
Local de publicação Belo Horizonte :
Editora Fórum,
Data 2022.
300 ## - DESCRIÇÃO FÍSICA
N. páginas ou volumes 273 p. ;
Dimensões 22 cm
504 ## - NOTA DE BIBLIOGRAFIA, ETC.
Nota de bibliografia Inclui bibliografia.
590 ## - NOTA LOCAL
Nota local A Biblioteca possui a 1. reimpr. 2022.
650 ## - ASSUNTO TÓPICO
Cabeçalho tópico ou nome geográfico Direito administrativo
Subdivisão geográfica Brasil
650 ## - ASSUNTO TÓPICO
Cabeçalho tópico ou nome geográfico Improbidade administrativa
650 ## - ASSUNTO TÓPICO
Cabeçalho tópico ou nome geográfico Direito constitucional
Subdivisão geral Legislação
Subdivisão geográfica Brasil
942 ## - ELEMENTOS DE ENTRADA ADICIONAIS (KOHA)
Fonte de classificação ou esquema de arquivamento Classificação Decimal Universal
Tipo de item do Koha Livros
Holdings
Estado: removido Estado: perdido Fonte de classificação ou esquema de arquivamento Estado: danificado Indisponível para empréstimo Localização permanente Localização atual Data de aquisição Total Checkouts Número de Chamada completo Código de barras Date last seen Número do exemplar Preço efetivo a partir de Tipo de item (Koha) Nota pública
    Classificação Decimal Universal     Biblioteca da Escola Superior de Contas do TCE/MT Biblioteca da Escola Superior de Contas do TCE/MT 28/07/2023   342.92:343.35(81) L131i BIBTCEMT23080044 09/08/2023 Ex. 1 09/08/2023 Livros 1. reimpr. 2022

Powered by Koha